KOHA-Header-6

Data Communications and Computer Networks (Record no. 6515)

000 -LEADER
fixed length control field 00287nam a2200109Ia 4500
100 ## - MAIN ENTRY--AUTHOR NAME
Personal name Curt M. White
245 #0 - TITLE STATEMENT
Title Data Communications and Computer Networks
260 ## - PUBLICATION, DISTRIBUTION, ETC. (IMPRINT)
Place of publication New Delhi
Name of publisher Prentice Hall Inc.
Year of publication 2001
300 ## - PHYSICAL DESCRIPTION
Number of Pages 496
942 ## - ADDED ENTRY ELEMENTS (KOHA)
Koha item type Books
Holdings
Withdrawn status Lost status Collection code Permanent Location Current Location Shelving location Date acquired Full call number Accession Number Koha item type
    Computer Networking MAJU MAJU   2019-09-07 338.5 2963 Computer Networking

Powered by Koha